000 00911nam a2200253 i 4500
001 189306
003 SpMaBN
005 20250819000706.0
008 190522s1972 sp |||| | spa d
080 _a232.11
080 _a221.017
100 1 _aWestermann, Claus.
_9167075
245 1 3 _aEl Antiguo Testamento y Jesucristo /
_cClaus Westermann ; introducción a la edición española por Antonino González Blanco ; [traducción por José María Bernáldez Montalvo].
260 _aMadrid :
_bFax,
_c[1972]
300 _a164 p. ;
_c23 cm.
490 1 _aActualidad bíblica ;
_v30
600 0 7 _aJesucristo.
_966361
630 0 4 _aBiblia.
_pA. T.-
_xCrítica e interpretación
_9119250
700 1 _aGonzález Blanco, Antonino.
_958460
700 1 _aBernáldez Montalvo, José María.
_9153063
830 0 _aActualidad bíblica ;
_v30
_9193281
852 _aES-MaACL
_jJ-9(26)
999 _c189306
_d189306